header

Llost spy: (Record no. 254873)

MARC details
000 -LEADER
fixed length control field 00409nam a22001577a 4500
003 - CONTROL NUMBER IDENTIFIER
control field OSt
005 - DATE AND TIME OF LATEST TRANSACTION
control field 20230913144243.0
008 - FIXED-LENGTH DATA ELEMENTS--GENERAL INFORMATION
fixed length control field 160729b xxu||||| |||| 00| 0 eng d
020 ## - INTERNATIONAL STANDARD BOOK NUMBER
International Standard Book Number 9780393060973
040 ## - CATALOGING SOURCE
Transcribing agency N/A
100 ## - MAIN ENTRY--PERSONAL NAME
Personal name Meier Andrew
245 ## - TITLE STATEMENT
Title Llost spy:
Remainder of title An american in stalins secret service
250 ## - EDITION STATEMENT
Edition statement 1st Edition
260 ## - PUBLICATION, DISTRIBUTION, ETC. (IMPRINT)
Place of publication, distribution, etc New York
Name of publisher, distributor, etc W.W. Norton &Company LTD
Date of publication, distribution, etc 2008
942 ## - ADDED ENTRY ELEMENTS (KOHA)
Source of classification or shelving scheme Library of Congress Classification
Koha item type Long Loan Books
Holdings
Withdrawn status Lost status Source of classification or shelving scheme Damaged status Not for loan Home library Current library Shelving location Date acquired Total Checkouts Full call number Barcode Date last seen Price effective from Koha item type
    Library of Congress Classification     Rongo University Library Rongo University Library General Stacks 29/07/2016   JN 6529.I6M45 2008 201617780 20/04/2018 29/07/2016 Long Loan Books

© 2026 Rongo University
Contact us: librarian | system librarian | Rongo university